000 00438nam a22001577a 4500
005 20241218142806.0
008 241218b ||||| |||| 00| 0 eng d
040 _cAL
041 _aEnglish
082 _223
_a348.04
_bEASS
100 _aEastern Book Company
_9191624
245 _aSupreme Court Cases 2002: Vol 5
260 _aLucknow
_bEastern Book Company
_c2016
650 _aMode of Citation (2002) 5 SCC
_9191625
942 _2ddc
_cBI
999 _c233127
_d233127